Southville International School and Colleges
Your cart is empty.
  • Cart
  • Lists
    Public lists Eva Luna New books Lux_list list_1
    Your lists Log in to create your own lists
  • Log in to your account
  • Your cookies
  • Search history
Southville International School and Colleges
  • Advanced search
  • Recent comments
  • Most popular
  • Libraries

Log in to your account

Log in with GOOGLE


If you do not have an external account, but do have a local account, you can still log in:

  1. Home
  2. MARC view: Komunikasyon sa makabagong panahon :
Normal view MARC view ISBD view

Komunikasyon sa makabagong panahon : (Record no. 291254)

[ view plain ]
MARC details
000 -LEADER
fixed length control field 00770nam a2200253Ia 4500
008 - FIXED-LENGTH DATA ELEMENTS--GENERAL INFORMATION
fixed length control field 160303s9999 xx 000 0 und d
020 ## - INTERNATIONAL STANDARD BOOK NUMBER
International Standard Book Number 971-821-028-8
050 ## - LIBRARY OF CONGRESS CALL NUMBER
Classification number FIL PL 5665.25
050 ## - LIBRARY OF CONGRESS CALL NUMBER
Item number .K66 2002
245 ## - TITLE STATEMENT
Title Komunikasyon sa makabagong panahon :
245 ## - TITLE STATEMENT
Remainder of title batayan at sanayang-aklat sa Filipino 3, antas-tersyaryo /
245 ## - TITLE STATEMENT
Statement of responsibility, etc Rolando A Ber Bernales.
260 ## - PUBLICATION, DISTRIBUTION, ETC. (IMPRINT)
Place of publication, distribution, etc Valenzuela City:
260 ## - PUBLICATION, DISTRIBUTION, ETC. (IMPRINT)
Name of publisher, distributor, etc Mega-Jesta Prints, Inc.
260 ## - PUBLICATION, DISTRIBUTION, ETC. (IMPRINT)
Date of publication, distribution, etc 2002
300 ## - PHYSICAL DESCRIPTION
Extent 307 pages :
300 ## - PHYSICAL DESCRIPTION
Other physical details illustrations ;
300 ## - PHYSICAL DESCRIPTION
Dimensions 25 cm.
500 ## - GENERAL NOTE
General note Includes bibliographical references.
650 ## - SUBJECT ADDED ENTRY--TOPICAL TERM
Topical term or geographic name as entry element Filipino language --
650 ## - SUBJECT ADDED ENTRY--TOPICAL TERM
Topical term or geographic name as entry element Filipino language --
650 ## - SUBJECT ADDED ENTRY--TOPICAL TERM
General subdivision Problems, exercises, etc.
650 ## - SUBJECT ADDED ENTRY--TOPICAL TERM
General subdivision Rhetoric -- Study and teaching (Higher).
Holdings
Withdrawn status Lost status Damaged status Home library Current library Shelving location Date acquired Cost, normal purchase price Total Checkouts Full call number Barcode Date last seen Price effective from Koha item type
      South Mansfield College South Mansfield College Filipiniana Section 06/02/2005 209.00   FIL PL 5665.25 .K66 2002 SMC02648 03/03/2016 03/03/2016  

Komunikasyon sa makabagong panahon :

APA

Komunikasyon sa makabagong panahon. Valenzuela City: .

Chicago

Komunikasyon sa makabagong panahon. Valenzuela City: .

Harvard

Komunikasyon sa makabagong panahon. Valenzuela City: .

MLA

Valenzuela City: . .

  • Place hold
  • Print
  • Cite
  • Add to your cart (remove)
  • Save record
    BIBTEX Dublin Core MARCXML MARC (non-Unicode/MARC-8) MARC (Unicode/UTF-8) MARC (Unicode/UTF-8, Standard) MODS (XML) RIS
  • More searches
    Search for this title in:
    Other Libraries (WorldCat) Other Databases (Google Scholar) Online Stores (Bookfinder.com) Open Library (openlibrary.org)

Exporting to Dublin Core...

SOUTHVILLE LIBRARY

Southville International School and Colleges Library

1281 Tropical Ave. Cor. Luxembourg St., BF Homes International, Las Pinas City

Tel. No. 8256374 / 252358 Loc. 117/146

Powered by Koha